<?xml version="1.0" encoding="UTF-8"?>
<marc:record xmlns:marc="http://www.loc.gov/MARC21/slim">
   <marc:leader>00000nam a2200000 a 4500</marc:leader>
   <marc:datafield ind1="1" ind2=" " tag="100">
      <marc:subfield code="a">Dutzler, Herbert</marc:subfield>
      <marc:subfield code="4">aut</marc:subfield>
      <marc:subfield code="e">Verfasser/-in</marc:subfield>
   </marc:datafield>
   <marc:datafield ind1=" " ind2=" " tag="653">
      <marc:subfield code="a">Salzkammergut</marc:subfield>
   </marc:datafield>
   <marc:datafield ind1="0" ind2="0" tag="245">
      <marc:subfield code="a">Letzter Landler</marc:subfield>
   </marc:datafield>
   <marc:datafield ind1="0" ind2="0" tag="245">
      <marc:subfield code="b">Ein Altaussee-Krimi</marc:subfield>
   </marc:datafield>
   <marc:datafield ind1=" " ind2="1" tag="264">
      <marc:subfield code="b">Haymon Verlag</marc:subfield>
      <marc:subfield code="c">2026</marc:subfield>
   </marc:datafield>
   <marc:datafield ind1="1" ind2=" " tag="490">
      <marc:subfield code="a">HAYMON TASCHENBUCH</marc:subfield>
   </marc:datafield>
   <marc:datafield ind1="1" ind2=" " tag="520">
      <marc:subfield code="a">In Altaussee schwingen neben dem Taktstock auch die Hüften. Während die Welt im Dreivierteltakt tanzt, muss Franz Gasperlmaier am kriminalistischen Parkett eine gute Figur machen.
Lederhose meets Hochkultur. But do you speak English? Im Ausseerland muss der Bär nicht alleine steppen. Denn neben dem Wiener Staatsopernballett gastieren auch die kanadischen Eltern von Franz Gasperlmaiers Schwiegertochter Richelle in Bad Aussee. Statt noch schnell seine lückenhaften Fremdsprachenkenntnisse aufzupolieren, muss der bodenständige Polizist Gattin Christine ins Ballett begleiten. Am schönen blauen Altausseer See tanzt am selben Wochenende dann auch noch der Tod Landler: Eine der Musikerinnen spielt bei der Aufführung ihren allerletzten Ton. Nicht nur Gasperlmaier wird da auf Misstöne im Orchesterensemble aufmerksam. Die große Frage: Wer teilt hier neben einer Begeisterung für Musik auch das Bett . und vielleicht sogar illegale Substanzen?</marc:subfield>
   </marc:datafield>
   <marc:datafield ind1=" " ind2=" " tag="020">
      <marc:subfield code="a">9783709979983</marc:subfield>
      <marc:subfield code="9">9783709979983</marc:subfield>
   </marc:datafield>
</marc:record>
